|
|
|
|
| LEADER |
00000cam a2200000 7i4500 |
| 001 |
0000044317 |
| 005 |
20141228.0 |
| 008 |
141228 |
| 020 |
|
|
|a 0749458782
|
| 020 |
|
|
|a 9780749458782
|
| 090 |
0 |
0 |
|a 658.15
|b FIN
|
| 100 |
1 |
|
|a Finch, Brian
|
| 245 |
1 |
0 |
|a Effective financial management
|c Brian Finch
|
| 260 |
|
|
|a United Kingdom :
|b Kogan Page ,
|c 2012
|
| 300 |
|
|
|a 146pg. ;
|c 21.5cm.
|
| 440 |
|
|
|a The Sunday Times
|
| 650 |
|
0 |
|a Business enterprise
|x Finance
|
| 999 |
|
|
|a 0001331251
|b Book
|c Adult Collection
|e Cawangan Bukit Gambir
|
| 999 |
|
|
|a 0001331252
|b Book
|c Adult Collection
|e Cawangan Mersing
|
| 999 |
|
|
|a 0001331253
|b Book
|c Adult Collection
|e Cawangan Kota Tinggi
|
| 999 |
|
|
|a 0001331255
|b Book
|c Adult Collection
|e Cawangan Batu Pahat
|
| 999 |
|
|
|a 0001331256
|b Book
|c Adult Collection
|e Cawangan Muar
|
| 999 |
|
|
|a 0001331257
|b Book
|c Adult Collection
|e Cawangan Pontian
|
| 999 |
|
|
|a 0001331258
|b Book
|c Adult Collection
|e Cawangan Segamat
|
| 999 |
|
|
|a 0001331259
|b Book
|c Adult Collection
|e Cawangan Bandar Tenggara
|
| 999 |
|
|
|a 0001331260
|b Book
|c Adult Collection
|e Cawangan Bandar Penawar
|
| 999 |
|
|
|a 0001331261
|b Book
|c Adult Collection
|e Cawangan Taman Sri Lambak
|
| 999 |
|
|
|a 0001331262
|b Book
|c Adult Collection
|e Cawangan Tangkak
|
| 999 |
|
|
|a 0001331263
|b Book
|c Adult Collection
|e Cawangan Tmn. Ungku Tun Aminah
|
| 999 |
|
|
|a 0001336136
|b Book
|c Adult Collection
|e Cawangan Urban Transformation Centre
|
| 999 |
|
|
|a 1331256
|b Book
|c Adult Collection
|e Cawangan Muar
|